|
|
|
|
| LEADER |
00691cam a2200193 7i4500 |
| 001 |
0000043414 |
| 005 |
20210105090000.0 |
| 020 |
|
|
|a 9789675457128 (pbk)
|
| 090 |
0 |
0 |
|a BP134.N3
|b M55 2010
|
| 100 |
0 |
|
|a Mikdar Rusdi
|
| 245 |
1 |
0 |
|a Pemeliharaan dan pemuliharaan alam sekitar menurut perspektif al-Quran
|c oleh: Mikdar Rusdi.
|
| 260 |
|
|
|a Batu Pahat, Johor:
|b Penerbit UTHM,
|c 2010.
|
| 300 |
|
|
|a xiv, 183 p.;
|c 23 cm.
|
| 650 |
0 |
0 |
|a Islam and science
|
| 650 |
0 |
0 |
|a Environmental protection --
|x Religious aspects --
|x Islam
|
| 650 |
0 |
0 |
|a Nature in the Qur'an
|
| 997 |
|
|
|a Health Sciences, Faculty
|
| 998 |
|
|
|a Environmental Health, Diploma
|
| 999 |
|
|
|a 0000057399
|b BOK
|c OPEN SHELF
|e 1st Floor, Shah Alam
|